00467nam a22001457a 4500003000500000038001800005082000800023100001500031245009300046264003300139300002400172650003700196700003000233856005800263NUST aNusrat Nadeem a200 aKhan, Wali aThe Impact of CPEC on Human Capital in Balochistan: A Case Study of Gwadar/cWali Khan,  aIslamabad;bS3H NUST;c2024. a72,p;bill;c30,cm. aMS-Government and Public Policy  aSupervisor: Dr. Ume Laila u http://10.250.8.41:8080/xmlui/handle/123456789/46385